1494 1976 1895 1460 1753 1557 1177 1954 1575 1060 1935 1228 1730 1811 1857 1605 1885 1006 1852 1928 1977 1316 1311 1540 1461 1817 1867 1201 1419 1520 1049 1627 1704 1715 1099 1160 1127 1229 1746 1323 1371 1602 1185 1834 1815 1881 1478 1800 1140 1738 1156 1314 1373 1721 1314 1325 1184 1923 1731 1975 1109 1411 1362 1770 1724 1741 1404 1163 1600 1896 1928 1599 1148 1482 1277 1425 1311 1974 1046 1175 1250 1650 1972 1431 1697 1484 1548 1737 1604 1576 1676 1267 1838 1660 1985 1653 1750 1888 1116 BCNSPRNW ULIB Ver.6.0+V

เปลี่ยนเป็นภาษาไทย

Change to English
 แสดงรายละเอียดบรรณานุกรม
  กลับหน้าหลัก

Brief Record : Get Marc (ISO 2709) : E-mail record : QR code < ปิดหน้าต่าง
LEADER : 00000nam 2200000uu 4500
001    13399121307
003     ULIB
008    121114s2550||||th 000 0 tha d
020    ^a9789747784473
050  4 ^aPE1128.A2^bอ823ท
245 00 ^aเทคนิคเขียน & พูดภาษาอังกฤษให้ดีเสิศ /^c[บรรณาธิการประจำเล่ม อุทัยวรรณ วิสุทธากุล ]
246 31 ^aเทคนิคเขียนและพูดภาษาอังกฤษให้ดีเสิศ
250    ^aพิมพ์ครั้งที่ 1
260    ^aกรุงเทพฯ :^bรีดเดอร์ส ไดเจสท์ (ประเทศไทย),^c2550
300    ^a493 หน้า :^bภาพประกอบ ;^c30 ซม.
650  4 ^aภาษาอังกฤษ^xการเขียน
650  4 ^aภาษาอังกฤษ^xการพูด
650  4 ^aภาษาอังกฤษ^xการใช้ภาษา
700 0  ^aอุทัยวรรณ วิสุทธากุล,^eบรรณาธิการ
710 2  ^aรีดเดอร์ส ไดเจสท์ (ประเทศไทย)
945    ^p1990^l0^i14965
995    ^aวิภา
999 ^a ทศพร
รายการนี้ยังไม่มีแท็ก
คุณยังไม่ได้ล็อกอิน คุณสามารถมีกิจกรรมร่วมกับเว็บไซต์ได้ แต่ต้องล็อกอินก่อน ::
  ล็อกอิน

รายการสื่อสารสนเทศ

ลำดับที่ ประเภท เลขเรียก/บาร์โค้ด สถานที่ สถานะ
1. วิทยาศาสตร์การแพทย์ และสุขภาพ
วิทยาศาสตร์การแพทย์ และสุขภาพ
PE1128.A2 อ823ท  
  Barcode: 14965
ห้องสมุดวิทยาเขตสวรรค์ประชารักษ์
►หนังสือทั่วไป
บนชั้น

รายการใกล้เคียง
    หัวเรื่อง [ภาษาอังกฤษ การใช้ภาษา]

BibComment


ยังไม่เคยถูกคอมเมนท์

คอมเมนท์ทรัพยากรรายการนี้
  คอมเมนท์: เทคนิคเขียน พูด..


 Copyright 2026. Bcnsprnw @Library